Death and the Compass /

Adaptación del cuento de Jorge Luis Borges, "La muerte y la brújula", acerca de un detective intentando resolver una serie de asesinatos que tienen como coincidencia patrones del cábala. La película, que se filmó en Ciudad de México, se estrenó originalmente en Inglaterra, en 1992, en la British Bro...

全面介紹

Guardado en:
書目詳細資料
主要作者: Cox, Alex (realización)
其他作者: Cox, Alex (guión) (guión), Garzón, Miguel (fotógrafo) (fotógrafo), Dodson, Angela (vestuario) (vestuario), Puente, Carlos (montaje) (montaje), Pray for Rain (música) (música), Boyle, Peter (actuación) (actuación), Sandoval, Miguel (actuación) (actuación), Eccleston, Christopher (actuación) (actuación), Cox, Alex (comentarios) (comentarios), Wool, Dan (comentarios) (comentarios), Miller, Paul (realización) (realización), True, Everett (texto del folleto) (texto del folleto), Davies, Steven Paul (texto del folleto) (texto del folleto)
格式: 幻燈片
語言:英语
版:Versión del realizador aumentada para cine
叢編:(BFI Alex Cox ; 2)
主題:
標簽: 添加標簽
沒有標簽, 成為第一個標記此記錄!

MARC

LEADER 00000ngm^a2200000^a^4500
001 000438672
005 20260525183120.0
008 220311 20052005
009 20260526144954.907
037 |a Acervo ITESO - Biblioteca 
041 |a ING 
082 |a 820.  |b COX V. 2 
100 |a Cox, Alex  |e (realización) 
240 1 4 |a [La muerte y la brújula] 
240 1 4 |a [La muerte y la brújula. Adaptaciones] 
240 1 1 |a [Cuentos de Borges] 
245 1 0 |a Death and the Compass /  |c Realización de A. Cox ; comentarios de A. Cox, D. Wool. 
246 2 |a Título en México: no conocido/no identificado 
246 2 |a Título alternativo en español (España): La muerte y la brújula 
250 |a Versión del realizador aumentada para cine 
264 2 |a Londres, Inglaterra :  |b British Film Institute [distribución],  |c 2005, c2005 
300 |a 1 DVD región 2 PAL (83 min.) :  |b color +  |e 1 folleto (4 p.) 
336 |a imagen móvil bidimensional  |b tdi  |2 rdacontenido 
337 |a video  |b v  |2 rdamedio 
338 |a videodisco  |b vd  |2 rdasoporte 
440 1 |a (BFI Alex Cox ;  |v 2) 
500 |a Basado en: La muerte y la brújula, de Jorge Luis Borges 
520 |a Adaptación del cuento de Jorge Luis Borges, "La muerte y la brújula", acerca de un detective intentando resolver una serie de asesinatos que tienen como coincidencia patrones del cábala. La película, que se filmó en Ciudad de México, se estrenó originalmente en Inglaterra, en 1992, en la British Broadcast Company (BBC) como parte de una miniserie llamada "Cuentos de Borges" en homenaje al escritor argentino. Sin embargo, el cineasta Alex Cox intentó hacer una versión extendida y en cine de su proyecto, que estrenó años después, en 1996 en Estados Unidos, y que es la versión que contiene este disco. 
546 |a En inglés, sin subtítulos 
585 |a Festival Internacional de Cine de Tokio (9°: 1996): Participante mexicana-británica-japonesa, sección oficial a concurso 
586 |a Premio Miguel de Cervantes 1979, ex aequo: Adaptaciones de sus obras 
649 |a XX 
650 |a Cineastas Ingleses 
650 |a Miniseries 
650 |a Series de Televisión 
650 |a Cortometrajes y Mediometrajes Ingleses 
650 |a Películas de Ciencia-Ficción 
650 |a Películas Policíacas 
650 |a Cine Fantástico 
650 |a Cine Independiente -  |z EUA 
650 |a Cine Independiente -  |z Inglaterra 
650 |a Cine por Televisión -  |z Inglaterra 
650 |a Cine Inglés -  |y 1970-1979 
650 |a Cine Inglés -  |y 1990-1999 
650 |a Cine Inglés -  |y Siglo XX 
650 |a Cine Norteamericano -  |y 1990-1999 
650 |a Cine Norteamericano -  |y Siglo XX 
650 |a Televisión -  |z Inglaterra -  |y 1990-1999 
650 |a Televisión -  |z Inglaterra -  |y Siglo XX 
650 |a Cuentos Argentinos -  |x Adaptaciones para Televisión 
650 |a Cuentos Argentinos -  |x Adaptaciones para Cine 
650 |a Literatura Argentina -  |y Siglo XX -  |x Adaptaciones para Televisión 
650 |a Literatura Argentina -  |y Siglo XX -  |x Adaptaciones para Cine 
650 |a Literatura y Televisión 
650 |a Literatura y Cine 
650 |a Cábala 
650 |a Tiempo -  |x Filosofía 
650 |a Asesinato 
650 |a Investigación del Delito 
650 |a México (Ciudad) en el Cine 
650 |a Cox, Alex 
700 |a Cox, Alex  |e (guión) 
700 |a Garzón, Miguel  |e (fotógrafo) 
700 |a Dodson, Angela  |e (vestuario) 
700 |a Puente, Carlos  |e (montaje) 
700 |a Pray for Rain  |e (música) 
700 |a Boyle, Peter  |e (actuación) 
700 |a Sandoval, Miguel  |e (actuación) 
700 |a Eccleston, Christopher  |e (actuación) 
700 |a Cox, Alex  |e (comentarios) 
700 |a Wool, Dan  |e (comentarios) 
700 |a Miller, Paul  |e (realización) 
700 |a True, Everett  |e (texto del folleto) 
700 |a Davies, Steven Paul  |e (texto del folleto) 
740 0 |a Spiderweb /  |c Realización de P. Miller. 
740 0 |a Straight to Hell :  |b [review] /  |c Texto del folleto de E. True. 
740 0 |a Death and the Compass :  |b [review] /  |c Texto del folleto de S.P. Davies. 
910 |a Fondo General 
920 |a Audiovisuales - DVDs 
940 |a Películas 
905 |a 308 
901 |a 0500363905  |b IT2  |c DVR  |i C165894  |u 20250521 
901 |a 0500363906  |b IT2  |c MIN  |i C159939  |u 20251020 
902 |a https://opac.biblio.iteso.mx/vufind/Record/000438672